Statistics for Red Dead Redemption 2 Horses

Click here to take the quiz!

General Stats

  • This quiz has been taken 48 times
  • The average score is 10 of 19

Answer Stats

HintAnswer% Correct
SuperiorArabian
93%
DraftShire
78%
RidingMorgan
70%
WorkAppaloosa
67%
War/WorkMustang
67%
RidingTennessee Walker
67%
RaceThoroughbred
59%
WorkAmerican Paint
52%
RaceAmerican Standardbred
52%
WarHungarian Half-Bred
52%
RidingKentucky Saddler
52%
RaceNokota
48%
Race/WarTurkoman
48%
Race/WorkMissouri Fox Trotter
44%
WarArdennes
37%
WorkDutch Warmblood
37%
DraftSuffolk Punch
33%
WarAndalusian
30%
DraftBelgian Draft Horse
26%

Score Distribution

Percentile by Number Answered

Percent of People with Each Score

Your Score History

You have not taken this quiz